00305pab a2200121 454500008004000000100002100040245004400061260000900105300000900114362001300123650002900136773001800165180718b1989 xxu||||| |||| 00| 0 eng d aGranzer, Randolf aThe energy impediment to China's growth c1989 a9-14 aApr.-May aEnergy Resources - China aOECD Observer